A Back Office tevékenysége a Hotel Nemzeti Budapest szállodában
| Szerző: | |
|---|---|
| További közreműködők: | |
| Dokumentumtípus: | Projektmunka |
| Kulcsszavak: | Accor Hotels adminisztráció Magyarország szálláshely-szolgáltatás szálláshelyek |
| Online Access: | http://dolgozattar.uni-bge.hu/60036 |
MARC
| LEADER | 00000nnm a2200000 i 4500 | ||
|---|---|---|---|
| 001 | dolg60036 | ||
| 005 | 20260409145912.0 | ||
| 008 | 260409suuuu hu o 000 hun d | ||
| 040 | |a BGE Dolgozattár Repozitórium |b hun | ||
| 041 | |a hu | ||
| 100 | 1 | |a Várhegyi Vanda | |
| 245 | 1 | 2 | |a A Back Office tevékenysége a Hotel Nemzeti Budapest szállodában |c Várhegyi Vanda |h [elektronikus dokumentum] |
| 516 | |a Project_work | ||
| 520 | 3 | |a A dolgozatomban a Back Office szerepét szeretném bemutatni a Hotel Nemzeti Budapest példáján keresztül.Célom: egy átfogó képet adni a Back Office feladatairól, a háttérben történő tevékenységekről, azok fontosságáról, a szolgáltatások megvalósulása mögötti munkafolyamatokról, amelyek a Back Office-ban zajlanak.Kutatásom során interjúkat és saját gyakorlati tapasztalataimat is feldolgoztam. Megállapítottam, hogy a Back Office szoros együttműködése a Front Office-szal kulcsfontosságú a hatékony működéshez. | |
| 695 | |a Accor Hotels | ||
| 695 | |a adminisztráció | ||
| 695 | |a Magyarország | ||
| 695 | |a szálláshely-szolgáltatás | ||
| 695 | |a szálláshelyek | ||
| 700 | 1 | |a Bártfai Endre György |e ths | |
| 856 | 4 | 0 | |u http://dolgozattar.uni-bge.hu/60036/1/Projektmunka-V%C3%A1rhegyi%20Vanda.pdf |z Dokumentum-elérés |
| 856 | 4 | 0 | |u http://dolgozattar.uni-bge.hu/60036/2/V%C3%A1rhegyi%20Vanda_Projektmunka_B%C3%ADr%C3%A1lati%20lap_FOSZK_B%C3%A1rtfai%20Endre.pdf |z Dokumentum-elérés |